<?xml version="1.0" encoding="UTF-8"?>
<collection xmlns="http://www.loc.gov/MARC21/slim">
 <record>
  <leader>00672pamaa2200145   4500</leader>
  <controlfield tag="001">0000021033</controlfield>
  <controlfield tag="005">20070329090000.0</controlfield>
  <datafield tag="020" ind1="0" ind2="0">
   <subfield code="a">981301887 (hard) </subfield>
  </datafield>
  <datafield tag="090" ind1="0" ind2="0">
   <subfield code="a">DS620.2 </subfield>
   <subfield code="b">BEH 1990</subfield>
  </datafield>
  <datafield tag="100" ind1="1" ind2="0">
   <subfield code="a">BEHR </subfield>
  </datafield>
  <datafield tag="245" ind1="1" ind2="0">
   <subfield code="a">Indonesia : </subfield>
   <subfield code="b">a voyage through the archipelago by 45 of the world's leading photographers, August the 26th to September the 4th 1989, in commemoration of the 45th anniversary of the Proclamation of Independence  </subfield>
   <subfield code="c">text by Edward Behr ; foreword by Gavin Young ; captions by Paul Zach.</subfield>
  </datafield>
  <datafield tag="260" ind1="0" ind2="0">
   <subfield code="a">Singapore: </subfield>
   <subfield code="b">Archipelago Press, </subfield>
   <subfield code="c">1990.</subfield>
  </datafield>
  <datafield tag="300" ind1=" " ind2=" ">
   <subfield code="a">274p.: </subfield>
   <subfield code="b">col.ill.; </subfield>
   <subfield code="c">37cm.</subfield>
  </datafield>
  <datafield tag="651" ind1="0" ind2="0">
   <subfield code="a">Indonesia -- </subfield>
   <subfield code="x">Description and travel </subfield>
  </datafield>
  <datafield tag="651" ind1="0" ind2="0">
   <subfield code="a">Indonesia -- </subfield>
   <subfield code="x">Pictorial works </subfield>
  </datafield>
 </record>
</collection>
